Big Business and Presidential Power / From FDR to Reagan (Record no. 4304)
[ view plain ]
| 000 -LEADER | |
|---|---|
| fixed length control field | 01185cam a22001934a 4500 |
| 005 - ΗΜΕΡΟΜΗΝΙΑ ΚΑΙ ΩΡΑ ΤΕΛΕΥΤΑΙΑΣ ΕΝΗΜΕΡΩΣΗΣ | |
| Πεδίο ελέγχου | 20250605164142.0 |
| 008 - FIXED-LENGTH DATA ELEMENTS--GENERAL INFORMATION | |
| Πεδίο ελέγχου σταθερού μήκους | 250528s ||||||||||||||||||||||||d |
| 035 ## - SYSTEM CONTROL NUMBER | |
| System control number | 19014 |
| 020 ## - ISBN | |
| ISBN | 688013139 |
| 040 ## - ΠΗΓΗ ΚΑΤΑΛΟΓΟΓΡΑΦΗΣΗΣ | |
| Φορέας πρωτότυπης καταλογογράφησης | MC Athens Campus Library |
| Γλώσσα καταλογογράφησης | Ελληνικά, Μοντέρνα (1453-) |
| Modifying agency | MC Athens Campus Library |
| Κανόνες περιγραφικής καταλογογράφησης | AACR2 |
| 245 1# - ΤΙΤΛΟΣ ΚΑΙ ΔΗΛΩΣΗ ΥΠΕΥΘΥΝΟΤΗΤΑΣ | |
| Τίτλος | Big Business and Presidential Power / From FDR to Reagan |
| 260 ## - PUBLICATION, DISTRIBUTION, ETC. | |
| Name of publisher, distributor, etc. | William Morrow And Company, Inc, |
| Date of publication, distribution, etc. | 1982 |
| 300 ## - PHYSICAL DESCRIPTION | |
| Extent | 386 |
| 520 ## - SUMMARY, ETC. | |
| Summary, etc. | A cool-headed, sharp-eyed and very, very necessary inquiry into one of the most important and least explored areas of American political and economic life. Preface, Rendering Unto Caesar, Big Business and the Domestic Reform Phase of the New Deal - 1933-1938, Mobilizing the Arsenal of Democracy - 1938-1943, Business Politicians and the Acceptance of an Activist State, Containment at Home and Abroad - 1945-1953, ''New Capitalism'' in the Eisenhower Era - 1953-1961, The Kennedy Administration and Big Business 1961-1963, The Johnson Treatment 1963-1969, The Road from Roosevelt to Reagan, Reaganomics and the Corporate Elite: Year One, Notes, Bibliography, List of Acronyms, Index. |
| 700 1# - ΠΡΟΣΘΕΤΗ ΑΝΑΓΡΑΦΗ--ΦΥΣΙΚΟ ΠΡΟΣΩΠΟ | |
| Personal name | Mcquaid Kim |
| 9 (RLIN) | 5295 |
| 942 ## - ADDED ENTRY ELEMENTS (KOHA) | |
| Koha item type | Books |
| Τύπος τεκμηρίου | Βιβλιοθήκη | Τρέχουσα τοποθεσία | Barcode | Αριθμός εισαγωγής | Ημερομηνία απόκτησης | Ταξιθετικό σύμβολο | Αριθμός αντιτύπου | Κατάσταση απόσυρσης | Κατάσταση χαμένου | Κατάσταση κατεστραμμένου | Μη δανεισμός | Σύνολο δανεισμών | Ημερομηνία τελευταίας εμφάνισης | Η τιμή ισχύει από |
|---|---|---|---|---|---|---|---|---|---|---|---|---|---|---|
| Books | MC Athens Campus Library | MC Athens Campus Library | 9780000043030 | 3948 | 05/06/2025 | 322/.3/0973 MCQ | 1 | 05/06/2025 | 05/06/2025 |